[Event "Guelph Winter Pro-Am U2000"]
[Site "Guelph CAN"]
[Date "2012.02.12"]
[Round "5"]
[White "Deline, Ralph"]
[Black "Hassain, Mahmud"]
[Result "1-0"]
[WhiteElo "1783"]
[BlackElo "1981"]
[PlyCount "105"]
[GameId "2160767909576630"]
[EventDate "2012.02.10"]
[EventType "swiss"]
[EventRounds "5"]
[EventCountry "CAN"]
[SourceTitle "EXT 2022"]
[Source "ChessBase"]
[SourceDate "2021.10.06"]
[SourceVersion "1"]
[SourceVersionDate "2021.10.06"]
[SourceQuality "1"]

1. e4 c5 2. Nc3 g6 3. f4 Bg7 4. Nf3 Nc6 5. Bb5 Nd4 6. O-O a6 7. Bc4 e6 8. d3 d6 9. Ne2 Ne7 10. c3 Nxe2+ 11. Qxe2 b5 12. Bb3 O-O 13. Bd2 Bb7 14. Rae1 d5 15. g4 c4 16. Bc2 cxd3 17. Bxd3 dxe4 18. Bxe4 Bxe4 19. Qxe4 Qd5 20. Qxd5 Nxd5 21. f5 exf5 22. gxf5 Rfe8 23. fxg6 hxg6 24. Ng5 Bh6 25. Ne4 Bxd2 26. Nxd2 f5 27. Kf2 Nf4 28. Re3 Rad8 29. Rxe8+ Rxe8 30. Kf3 Nd3 31. Rg1 Kf7 32. b3 Kf6 33. c4 Rd8 34. Ke2 g5 35. cxb5 axb5 36. a4 Nf4+ 37. Kd1 bxa4 38. bxa4 Rd4 39. a5 Ra4 40. Nb3 Ra2 41. Rh1 Rb2 42. Nd2 Rb5 43. h4 g4 44. Rf1 Nh5 45. Ne4+ Ke5 46. Rxf5+ Kxf5 47. Nd6+ Kf4 48. Nxb5 Nf6 49. a6 Nd7 50. a7 Nb6 51. Nc3 Na8 52. Ne2+ Kf5 53. Ke1 1-0

[Event "Guelph Winter Pro-Am U2000"]
[Site "Guelph CAN"]
[Date "2012.02.12"]
[Round "5"]
[White "Forsyth, Barry"]
[Black "Gillanders, Robert"]
[Result "1/2-1/2"]
[WhiteElo "1667"]
[BlackElo "1868"]
[PlyCount "134"]
[GameId "2160767909576631"]
[EventDate "2012.02.10"]
[EventType "swiss"]
[EventRounds "5"]
[EventCountry "CAN"]
[SourceTitle "EXT 2022"]
[Source "ChessBase"]
[SourceDate "2021.10.06"]
[SourceVersion "1"]
[SourceVersionDate "2021.10.06"]
[SourceQuality "1"]

1. e4 c5 2. Nf3 Nc6 3. d4 cxd4 4. Nxd4 Nf6 5. Nc3 e5 6. Nxc6 bxc6 7. Bd3 Bb4 8. Bd2 O-O 9. O-O d6 10. h3 Be6 11. a3 Ba5 12. Ne2 Bxd2 13. Qxd2 Rb8 14. b3 d5 15. Qe3 dxe4 16. Bxe4 Nxe4 17. Qxe4 Bd5 18. Qg4 f5 19. Qf3 f4 20. Qc3 f3 21. Ng3 Qg5 22. Rfe1 e4 23. Qe3 Qg6 24. c4 Be6 25. Qxe4 Bf5 26. Qxf3 Bc2 27. Qg4 Qxg4 28. hxg4 Rxb3 29. Re6 Rf6 30. Rxf6 gxf6 31. Nf5 Bxf5 32. gxf5 Rc3 33. Kf1 Rxc4 34. g3 a5 35. a4 h5 36. Kg2 Rc5 37. Ra3 Rxf5 38. Rc3 c5 39. Rc4 Kf7 40. f4 Ke6 41. Kf3 Rd5 42. Ke4 f5+ 43. Ke3 Kd6 44. Rc2 Rd4 45. Rh2 Rxa4 46. Rxh5 Ra3+ 47. Kf2 Ke6 48. g4 fxg4 49. Rxc5 a4 50. Kg2 Rf3 51. Rc4 a3 52. Ra4 Rb3 53. Kf2 Kf5 54. Kg2 Rb2+ 55. Kg3 a2 56. Ra5+ Ke4 57. f5 Kd3 58. Kxg4 Kc2 59. Kg5 Kb1 60. Kg6 Rg2+ 61. Kf6 a1=Q+ 62. Rxa1+ Kxa1 63. Kf7 Kb2 64. f6 Kc3 65. Kf8 Kd4 66. f7 Ke5 67. Ke8 Rf2 1/2-1/2

[Event "Guelph Winter Pro-Am U2000"]
[Site "Guelph CAN"]
[Date "2012.02.12"]
[Round "5"]
[White "Forsyth, Garrett"]
[Black "Glew, Richard"]
[Result "1/2-1/2"]
[WhiteElo "1603"]
[BlackElo "1790"]
[PlyCount "115"]
[GameId "2160767909576632"]
[EventDate "2012.02.10"]
[EventType "swiss"]
[EventRounds "5"]
[EventCountry "CAN"]
[SourceTitle "EXT 2022"]
[Source "ChessBase"]
[SourceDate "2021.10.06"]
[SourceVersion "1"]
[SourceVersionDate "2021.10.06"]
[SourceQuality "1"]

1. e4 c5 2. Nf3 e6 3. d4 cxd4 4. Nxd4 a6 5. Be2 Nc6 6. Be3 Nf6 7. Nxc6 bxc6 8. Nd2 Qc7 9. c4 Bb4 10. Qc2 Qe5 11. f3 Rb8 12. Rb1 O-O 13. O-O Bc5 14. Bxc5 Qxc5+ 15. Kh1 d5 16. e5 Nd7 17. Nb3 Qb6 18. f4 Nc5 19. Nd4 Ne4 20. Qd3 a5 21. g4 Ba6 22. b3 Qc5 23. Bf3 Bxc4 24. bxc4 Rxb1 25. Qxb1 Qxd4 26. Bxe4 dxe4 27. Re1 Qxc4 28. Rxe4 Qd5 29. Kg1 Rd8 30. Qc2 Qd1+ 31. Qxd1 Rxd1+ 32. Kf2 Kf8 33. Rc4 Rd2+ 34. Kg3 Rxa2 35. Rxc6 g6 36. h3 a4 37. Ra6 a3 38. Kh4 Kg7 39. Ra7 Ra1 40. Ra8 a2 41. Ra7 h6 42. Ra8 Rf1 43. Rxa2 Rxf4 44. Re2 Rf3 45. g5 Rf4+ 46. Kg3 hxg5 47. Ra2 Rf5 48. Ra5 Kh7 49. Ra7 Kg7 50. Ra5 Kf8 51. Ra8+ Kg7 52. Ra5 Rf4 53. Rb5 Rd4 54. Rb1 f5 55. exf6+ Kxf6 56. Rb8 Rd3+ 57. Kg4 Rd4+ 58. Kg3 1/2-1/2

[Event "Guelph Winter Pro-Am U2000"]
[Site "Guelph CAN"]
[Date "2012.02.12"]
[Round "5"]
[White "Gillis, Doug"]
[Black "Scott, James"]
[Result "1/2-1/2"]
[WhiteElo "1604"]
[BlackElo "1658"]
[PlyCount "98"]
[GameId "2160767909576633"]
[EventDate "2012.02.10"]
[EventType "swiss"]
[EventRounds "5"]
[EventCountry "CAN"]
[SourceTitle "EXT 2022"]
[Source "ChessBase"]
[SourceDate "2021.10.06"]
[SourceVersion "1"]
[SourceVersionDate "2021.10.06"]
[SourceQuality "1"]

1. d4 Nf6 2. Nc3 d5 3. Bg5 e6 4. e4 dxe4 5. Nxe4 Be7 6. Bxf6 Bxf6 7. Nf3 Nc6 8. c3 O-O 9. Bb5 Bd7 10. O-O a6 11. Bd3 b5 12. Nxf6+ Qxf6 13. Qe2 Qf4 14. Qe4 Qxe4 15. Bxe4 Rad8 16. Rfd1 Rfe8 17. Ne5 Ne7 18. Nxd7 Rxd7 19. Kf1 Red8 20. Ke1 a5 21. Rd2 c5 22. Rad1 cxd4 23. Rxd4 Rxd4 24. Rxd4 Rxd4 25. cxd4 Kf8 26. Kd2 Nd5 27. g3 Ke7 28. Bf3 Kd6 29. Be2 Nc7 30. Bf3 f6 31. h4 Nd5 32. Be2 b4 33. h5 h6 34. Kd3 Nb6 35. b3 Nd5 36. Bf3 Nb6 37. Be4 e5 38. g4 Nd5 39. Bf3 Nc3 40. a3 Na2 41. axb4 Nxb4+ 42. Kc4 exd4 43. Kxd4 Na2 44. Be2 Nc1 45. Bc4 Na2 46. Ke4 Nb4 47. f3 Nc6 48. f4 Kc5 49. Bf7 Ne7 1/2-1/2

[Event "Guelph Winter Pro-Am U2000"]
[Site "Guelph CAN"]
[Date "2012.02.12"]
[Round "5"]
[White "Hare, Scott"]
[Black "Bond, Hal"]
[Result "0-1"]
[WhiteElo "1946"]
[BlackElo "1815"]
[PlyCount "100"]
[GameId "2160767909576634"]
[EventDate "2012.02.10"]
[EventType "swiss"]
[EventRounds "5"]
[EventCountry "CAN"]
[SourceTitle "EXT 2022"]
[Source "ChessBase"]
[SourceDate "2021.10.06"]
[SourceVersion "1"]
[SourceVersionDate "2021.10.06"]
[SourceQuality "1"]

1. e4 Nf6 2. e5 Nd5 3. d4 d6 4. exd6 cxd6 5. Bc4 Nb6 6. Bb3 Nc6 7. c3 g6 8. Nf3 Bg7 9. O-O O-O 10. Bg5 Qc7 11. Re1 e5 12. dxe5 dxe5 13. Nbd2 Na5 14. Bc2 Nac4 15. Nxc4 Nxc4 16. Qc1 Bg4 17. Nd2 Rac8 18. Nxc4 Qxc4 19. Bb3 Qc6 20. Bh6 Rfe8 21. Bxg7 Kxg7 22. Qg5 Bf5 23. Qg3 f6 24. Rad1 Rcd8 25. Qe3 a5 26. Rxd8 Rxd8 27. Rd1 Rxd1+ 28. Bxd1 Qe4 29. Qxe4 Bxe4 30. f3 Bd5 31. a3 Kf7 32. Kf2 Ke6 33. Ke3 f5 34. g3 g5 35. f4 exf4+ 36. gxf4 g4 37. b4 axb4 38. axb4 h5 39. Be2 h4 40. c4 Be4 41. Kf2 b6 42. c5 bxc5 43. bxc5 Kd5 44. Ba6 Kxc5 45. Bc8 Kd4 46. Bd7 Bc2 47. Bc6 Bb3 48. Bb7 Bd5 49. Bxd5 Kxd5 50. Ke3 Kc4 0-1

[Event "Guelph Winter Pro-Am U2000"]
[Site "Guelph CAN"]
[Date "2012.02.12"]
[Round "5"]
[White "Itkin, Victor"]
[Black "Knechtel, Tim"]
[Result "1-0"]
[WhiteElo "1776"]
[BlackElo "1721"]
[PlyCount "111"]
[GameId "2160767909576635"]
[EventDate "2012.02.10"]
[EventType "swiss"]
[EventRounds "5"]
[EventCountry "CAN"]
[SourceTitle "EXT 2022"]
[Source "ChessBase"]
[SourceDate "2021.10.06"]
[SourceVersion "1"]
[SourceVersionDate "2021.10.06"]
[SourceQuality "1"]

1. e4 d6 2. d4 Nf6 3. Nc3 Nbd7 4. f4 e5 5. Nf3 exd4 6. Nxd4 g6 7. Be3 Bg7 8. f5 Qe7 9. fxg6 hxg6 10. Bd3 Ne5 11. Qd2 Neg4 12. Bf4 Nh5 13. Bg5 f6 14. Nd5 Qf7 15. Bc4 Qd7 16. Ne6 Ne5 17. Ndxc7+ Ke7 18. Bb5 Qxe6 19. Nxe6 Bxe6 20. O-O-O Rad8 21. Be3 Ng4 22. Kb1 a6 23. Be2 Nxe3 24. Qxe3 Bh6 25. Qb6 Rd7 26. Bd3 Nf4 27. g3 Ng2 28. e5 fxe5 29. Bxg6 Ne3 30. Rd3 Nc4 31. Qb4 a5 32. Qe1 b6 33. b3 Na3+ 34. Kb2 Nb5 35. Rf1 Bg7 36. Be4 d5 37. Qe3 Bf6 38. Qxb6 Nd4 39. Bf5 Nxf5 40. Qc5+ Kf7 41. Rd2 e4+ 42. Kb1 e3 43. Re2 Kg6 44. g4 Nd6 45. Qxe3 Ne4 46. Qd3 Rh3 47. Rxf6+ Kxf6 48. Qxh3 Ke7 49. Qh4+ Kd6 50. Kb2 Rc7 51. Qh6 Ke5 52. Qg5+ Kd6 53. Qf4+ Kd7 54. c4 Nc5 55. Qd4 Kd6 56. cxd5 1-0

[Event "Guelph Winter Pro-Am U2000"]
[Site "Guelph CAN"]
[Date "2012.02.12"]
[Round "5"]
[White "Jordan, John1"]
[Black "Jizan, Masoud"]
[Result "1-0"]
[WhiteElo "1729"]
[BlackElo "1685"]
[PlyCount "57"]
[GameId "2160767909576636"]
[EventDate "2012.02.10"]
[EventType "swiss"]
[EventRounds "5"]
[EventCountry "CAN"]
[SourceTitle "EXT 2022"]
[Source "ChessBase"]
[SourceDate "2021.10.06"]
[SourceVersion "1"]
[SourceVersionDate "2021.10.06"]
[SourceQuality "1"]

1. d4 d5 2. c4 c6 3. Nf3 Nf6 4. Nc3 Nbd7 5. Bg5 e6 6. e3 Qb6 7. Qc2 Bb4 8. a3 Qa5 9. Bxf6 Nxf6 10. Bd3 dxc4 11. Bxc4 Ne4 12. O-O Bxc3 13. bxc3 Nxc3 14. Bd3 Nd5 15. Bxh7 Nf6 16. Bd3 Ng4 17. h3 Qh5 18. Be2 Qh6 19. Qc5 f5 20. Ne5 Nxe5 21. dxe5 Qg6 22. Bf3 Bd7 23. Rfd1 Rxh3 24. Rxd7 Kxd7 25. Rd1+ Kc7 26. Qe7+ Kb6 27. Rb1+ Ka5 28. Qb4+ Ka6 29. Qa4# 1-0

[Event "Guelph Winter Pro-Am U2000"]
[Site "Guelph CAN"]
[Date "2012.02.12"]
[Round "5"]
[White "Noritsyn, Sergey"]
[Black "Zotkin, Daniel"]
[Result "1/2-1/2"]
[WhiteElo "1714"]
[BlackElo "1766"]
[PlyCount "92"]
[GameId "2160767909576637"]
[EventDate "2012.02.10"]
[EventType "swiss"]
[EventRounds "5"]
[EventCountry "CAN"]
[SourceTitle "EXT 2022"]
[Source "ChessBase"]
[SourceDate "2021.10.06"]
[SourceVersion "1"]
[SourceVersionDate "2021.10.06"]
[SourceQuality "1"]

1. b3 c5 2. Bb2 d5 3. e3 Nc6 4. Nf3 e6 5. Bb5 Bd7 6. Qe2 Nf6 7. O-O Bd6 8. d3 a6 9. Bxc6 Bxc6 10. Nbd2 O-O 11. e4 Bf4 12. e5 Nd7 13. g3 Bxd2 14. Nxd2 Qg5 15. f4 Qg6 16. d4 b6 17. Nf3 Qh5 18. Qg2 f6 19. g4 Qf7 20. f5 Qe7 21. Rae1 Rfe8 22. dxc5 Qxc5+ 23. Bd4 Qf8 24. exf6 Nxf6 25. fxe6 Ne4 26. Ne5 Qd6 27. Nxc6 Qxc6 28. Rf7 Nf6 29. Bxf6 gxf6 30. Rxf6 Re7 31. Qe2 Rg7 32. h3 h5 33. g5 Qc5+ 34. Kh1 d4 35. Qg2 Re8 36. Rh6 Qxg5 37. Qxg5 Rxg5 38. e7 Rc5 39. Re2 Kf7 40. Rxb6 Rxe7 41. Rf2+ Kg7 42. Rxa6 Rec7 43. Rd2 Rxc2 44. Rxd4 Re2 45. Rd1 Kf7 46. Rf1+ Ke7 1/2-1/2

[Event "Guelph Winter Pro-Am U2000"]
[Site "Guelph CAN"]
[Date "2012.02.12"]
[Round "5"]
[White "Von Keitz, Michael"]
[Black "Wang, Eric1"]
[Result "1/2-1/2"]
[WhiteElo "1666"]
[BlackElo "1683"]
[PlyCount "53"]
[GameId "2160767909576638"]
[EventDate "2012.02.10"]
[EventType "swiss"]
[EventRounds "5"]
[EventCountry "CAN"]
[SourceTitle "EXT 2022"]
[Source "ChessBase"]
[SourceDate "2021.10.06"]
[SourceVersion "1"]
[SourceVersionDate "2021.10.06"]
[SourceQuality "1"]

1. Nf3 Nf6 2. g3 d5 3. d4 g6 4. Bg2 Bg7 5. O-O O-O 6. Re1 Nbd7 7. Nc3 c6 8. e4 dxe4 9. Nxe4 Nxe4 10. Rxe4 Nc5 11. Re1 Ne6 12. c3 Qd6 13. Ne5 c5 14. Be3 cxd4 15. Bxd4 Nxd4 16. cxd4 Rd8 17. Qb3 Be6 18. Qxb7 Rab8 19. Qxa7 Rxb2 20. a4 Qxd4 21. Qxd4 Rxd4 22. Nc6 Rc4 23. Red1 Bf6 24. a5 Rbc2 25. Rab1 Rxc6 26. Bxc6 Rxc6 27. Rdc1 1/2-1/2

[Event "Guelph Winter Pro-Am U2000"]
[Site "Guelph CAN"]
[Date "2012.02.12"]
[Round "5"]
[White "Zhang, John"]
[Black "Gashgarian, Robert"]
[Result "1/2-1/2"]
[WhiteElo "1764"]
[BlackElo "1946"]
[PlyCount "103"]
[GameId "2160767909576639"]
[EventDate "2012.02.10"]
[EventType "swiss"]
[EventRounds "5"]
[EventCountry "CAN"]
[SourceTitle "EXT 2022"]
[Source "ChessBase"]
[SourceDate "2021.10.06"]
[SourceVersion "1"]
[SourceVersionDate "2021.10.06"]
[SourceQuality "1"]

1. e4 c5 2. Nf3 e6 3. c3 Nf6 4. e5 Nd5 5. d4 Qc7 6. Bd3 Nc6 7. O-O cxd4 8. cxd4 Ndb4 9. Nc3 Nxd3 10. Qxd3 a6 11. Bf4 d5 12. a3 h6 13. Rac1 Bd7 14. Rc2 Qa5 15. Rfc1 Be7 16. Nd2 Qb6 17. Be3 O-O 18. Ne2 Rac8 19. Ng3 Na7 20. Rxc8 Rxc8 21. Rxc8+ Nxc8 22. Qc3 Qc6 23. Qxc6 Bxc6 24. Ne2 Na7 25. Nb3 b6 26. Nc3 Kf8 27. Kf1 Ke8 28. Ke2 Kd7 29. f4 Nb5 30. Nxb5 Bxb5+ 31. Kd2 Bf1 32. g3 Kc6 33. Kc2 Bh3 34. Bd2 Bf5+ 35. Kc1 Kb5 36. Bc3 a5 37. Nd2 g5 38. Nf1 gxf4 39. gxf4 Bh4 40. Ng3 Bg4 41. Kc2 Be7 42. Kd3 h5 43. Bd2 h4 44. Nf1 Ka4 45. Ne3 Bh3 46. Kc3 b5 47. Kc2 b4 48. axb4 axb4 49. b3+ Kb5 50. Be1 Bd8 51. Kd3 Be7 52. Ke2 1/2-1/2

[Event "Halifax"]
[Site "Halifax CAN"]
[Date "2012.05.19"]
[Round "1"]
[White "Giacomin, Gordon"]
[Black "Gonzalez Cueto, Jose"]
[Result "1/2-1/2"]
[WhiteElo "2005"]
[BlackElo "2077"]
[PlyCount "59"]
[GameId "2160767909509263"]
[EventDate "2012.05.19"]
[EventType "tourn"]
[EventRounds "5"]
[EventCountry "CAN"]
[SourceTitle "EXT 2022"]
[Source "ChessBase"]
[SourceDate "2021.10.06"]
[SourceVersion "1"]
[SourceVersionDate "2021.10.06"]
[SourceQuality "1"]

1. e4 e5 2. Nf3 Nf6 3. Nxe5 d6 4. Nf3 Nxe4 5. Nc3 Nxc3 6. dxc3 d5 7. c4 Bc5 8. cxd5 O-O 9. Be2 Qf6 10. O-O Bf5 11. c3 Re8 12. Bg5 Qg6 13. Bf4 Bg4 14. Qd2 Bd6 15. Rae1 Nd7 16. Bxd6 cxd6 17. Bd1 Nf6 18. Rxe8+ Rxe8 19. Re1 Rxe1+ 20. Nxe1 Bxd1 21. Qxd1 Qe4 22. Nc2 Nxd5 23. Qe1 Qxe1+ 24. Nxe1 f6 25. Kf1 Kf7 26. Ke2 Ke6 27. Kd3 Nf4+ 28. Ke4 g5 29. g3 f5+ 30. Ke3 1/2-1/2

[Event "Halifax"]
[Site "Halifax CAN"]
[Date "2012.05.19"]
[Round "1"]
[White "Pentz, Brian"]
[Black "Charlton, Glenn"]
[Result "0-1"]
[WhiteElo "1921"]
[BlackElo "2030"]
[PlyCount "76"]
[GameId "2160767909509264"]
[EventDate "2012.05.19"]
[EventType "tourn"]
[EventRounds "5"]
[EventCountry "CAN"]
[SourceTitle "EXT 2022"]
[Source "ChessBase"]
[SourceDate "2021.10.06"]
[SourceVersion "1"]
[SourceVersionDate "2021.10.06"]
[SourceQuality "1"]

1. f4 Nf6 2. Nf3 g6 3. e3 Bg7 4. c4 c5 5. Nc3 O-O 6. Be2 Nc6 7. O-O d5 8. cxd5 Nxd5 9. Qb3 Nc7 10. d3 e5 11. e4 exf4 12. Bxf4 Ne6 13. Nd5 Nxf4 14. Nxf4 Qf6 15. Nd5 Qxb2 16. Qxb2 Bxb2 17. Rab1 Bg7 18. Rfc1 b6 19. a4 Bb7 20. Bd1 Ba6 21. Bc2 Rad8 22. Rd1 Rd7 23. Bb3 Na5 24. Ba2 Kh8 25. Rbc1 Re8 26. Bb1 Bb7 27. Nf4 Bh6 28. g3 g5 29. Nh5 g4 30. Nd2 Be3+ 31. Kf1 Rd4 32. Ke2 Bxd2 33. Rxd2 Nb3 34. Rcd1 Nxd2 35. Rxd2 Ba6 36. Nf6 Re6 37. Nxg4 Rdxe4+ 38. Kf3 Rb4 0-1

[Event "Halifax"]
[Site "Halifax CAN"]
[Date "2012.05.19"]
[Round "1"]
[White "Wysocki, Antoni"]
[Black "Martin, Brendan"]
[Result "1-0"]
[WhiteElo "2196"]
[BlackElo "2024"]
[PlyCount "65"]
[GameId "2160767909509265"]
[EventDate "2012.05.19"]
[EventType "tourn"]
[EventRounds "5"]
[EventCountry "CAN"]
[SourceTitle "EXT 2022"]
[Source "ChessBase"]
[SourceDate "2021.10.06"]
[SourceVersion "1"]
[SourceVersionDate "2021.10.06"]
[SourceQuality "1"]

1. c4 Nf6 2. Nf3 e6 3. g3 b6 4. Bg2 Bb7 5. O-O Be7 6. d4 O-O 7. Nc3 c5 8. d5 exd5 9. cxd5 d6 10. e4 Nfd7 11. Bf4 a6 12. a4 Re8 13. Nd2 Nf8 14. Nc4 Ng6 15. Be3 Nd7 16. f4 Rb8 17. h4 Ba8 18. h5 Ngf8 19. e5 b5 20. axb5 axb5 21. Na5 dxe5 22. Nc6 Bxc6 23. dxc6 Nb6 24. fxe5 Ne6 25. Qf3 Rf8 26. Ra7 f6 27. Nd5 Nxd5 28. Qxd5 Qxd5 29. Bxd5 Kf7 30. exf6 gxf6 31. Bxc5 Rfe8 32. Re1 Ra8 33. Rxe6 1-0

[Event "Halifax"]
[Site "Halifax CAN"]
[Date "2012.05.19"]
[Round "2"]
[White "Charlton, Glenn"]
[Black "Martin, Brendan"]
[Result "1-0"]
[WhiteElo "2030"]
[BlackElo "2024"]
[PlyCount "35"]
[GameId "2160767909509266"]
[EventDate "2012.05.19"]
[EventType "tourn"]
[EventRounds "5"]
[EventCountry "CAN"]
[SourceTitle "EXT 2022"]
[Source "ChessBase"]
[SourceDate "2021.10.06"]
[SourceVersion "1"]
[SourceVersionDate "2021.10.06"]
[SourceQuality "1"]

1. e4 c5 2. Nc3 Nc6 3. f4 g6 4. Nf3 Bg7 5. Bb5 Nd4 6. O-O Nxb5 7. Nxb5 d5 8. e5 a6 9. Nc3 d4 10. Ne4 Qd5 11. d3 Nh6 12. Qe1 b6 13. b4 Bf5 14. bxc5 bxc5 15. Ba3 Rc8 16. c4 dxc3 17. Nxc3 O-O 18. Nxd5 1-0

[Event "Halifax"]
[Site "Halifax CAN"]
[Date "2012.05.19"]
[Round "2"]
[White "Gonzalez Cueto, Jose"]
[Black "Wysocki, Antoni"]
[Result "0-1"]
[WhiteElo "2077"]
[BlackElo "2196"]
[PlyCount "54"]
[GameId "2160767909509267"]
[EventDate "2012.05.19"]
[EventType "tourn"]
[EventRounds "5"]
[EventCountry "CAN"]
[SourceTitle "EXT 2022"]
[Source "ChessBase"]
[SourceDate "2021.10.06"]
[SourceVersion "1"]
[SourceVersionDate "2021.10.06"]
[SourceQuality "1"]

1. d4 Nf6 2. Nf3 g6 3. g3 Bg7 4. Bg2 O-O 5. O-O d5 6. Nbd2 Bf5 7. b3 c5 8. Nh4 Nc6 9. Nxf5 gxf5 10. Nf3 Ne4 11. Bb2 e6 12. Rc1 Rc8 13. e3 b5 14. Nd2 Qa5 15. Nxe4 dxe4 16. a3 Rfd8 17. c3 Ne5 18. b4 cxb4 19. cxb4 Qa6 20. Rxc8 Qxc8 21. Qe2 Qc4 22. Qxc4 Nxc4 23. Bc1 Rc8 24. f3 exf3 25. Bxf3 Nd6 26. g4 Bh6 27. h4 Rxc1 0-1

[Event "Halifax"]
[Site "Halifax CAN"]
[Date "2012.05.19"]
[Round "2"]
[White "Pentz, Brian"]
[Black "Giacomin, Gordon"]
[Result "1-0"]
[WhiteElo "1921"]
[BlackElo "2005"]
[PlyCount "57"]
[GameId "2160767909509268"]
[EventDate "2012.05.19"]
[EventType "tourn"]
[EventRounds "5"]
[EventCountry "CAN"]
[SourceTitle "EXT 2022"]
[Source "ChessBase"]
[SourceDate "2021.10.06"]
[SourceVersion "1"]
[SourceVersionDate "2021.10.06"]
[SourceQuality "1"]

1. f4 Nf6 2. Nf3 c5 3. e3 g6 4. c3 d5 5. Ne5 Bg7 6. d3 O-O 7. Nd2 Nfd7 8. Ndf3 Qc7 9. d4 Qd6 10. Bd3 Nc6 11. O-O f6 12. Nxc6 Qxc6 13. f5 gxf5 14. Bxf5 e6 15. Bd3 e5 16. Bf5 Rf7 17. Nh4 Nf8 18. Qg4 Bxf5 19. Nxf5 Ng6 20. h4 Kh8 21. Bd2 Rg8 22. Qh5 Rc7 23. Rf3 Ne7 24. Nxg7 Rxg7 25. Raf1 cxd4 26. Rxf6 Qc5 27. Rf8+ Ng8 28. Qxe5 Rce7 29. Rxg8+ 1-0

[Event "Halifax"]
[Site "Halifax CAN"]
[Date "2012.05.20"]
[Round "3"]
[White "Giacomin, Gordon"]
[Black "Charlton, Glenn"]
[Result "0-1"]
[WhiteElo "2005"]
[BlackElo "2030"]
[PlyCount "82"]
[GameId "2160767909509269"]
[EventDate "2012.05.19"]
[EventType "tourn"]
[EventRounds "5"]
[EventCountry "CAN"]
[SourceTitle "EXT 2022"]
[Source "ChessBase"]
[SourceDate "2021.10.06"]
[SourceVersion "1"]
[SourceVersionDate "2021.10.06"]
[SourceQuality "1"]

1. e4 c5 2. Nf3 g6 3. d4 cxd4 4. Nxd4 Bg7 5. c4 Nc6 6. Be3 Nf6 7. Nc3 d6 8. Be2 O-O 9. O-O Nxd4 10. Bxd4 Bd7 11. Qd2 Bc6 12. f3 a5 13. Rfd1 Nd7 14. Rac1 Bxd4+ 15. Qxd4 Qb6 16. Nd5 Bxd5 17. exd5 Rfc8 18. Qxb6 Nxb6 19. b3 Rc7 20. a4 Nd7 21. Rc3 Nc5 22. Re1 Ra6 23. Bd1 Rb6 24. Bc2 Kf8 25. f4 e6 26. dxe6 Nxe6 27. g3 d5 28. f5 Nd4 29. fxg6 hxg6 30. Bd1 dxc4 31. bxc4 Rbc6 32. Bb3 Nxb3 33. Rxb3 Rxc4 34. Reb1 Rxa4 35. Rxb7 Rxb7 36. Rxb7 Ra2 37. Ra7 Kg7 38. Kf1 a4 39. Kg1 a3 40. Kf1 Kh6 41. Rxf7 Rb2 0-1

[Event "Halifax"]
[Site "Halifax CAN"]
[Date "2012.05.20"]
[Round "3"]
[White "Martin, Brendan"]
[Black "Gonzalez Cueto, Jose"]
[Result "1/2-1/2"]
[WhiteElo "2024"]
[BlackElo "2077"]
[PlyCount "90"]
[GameId "2160767909509270"]
[EventDate "2012.05.19"]
[EventType "tourn"]
[EventRounds "5"]
[EventCountry "CAN"]
[SourceTitle "EXT 2022"]
[Source "ChessBase"]
[SourceDate "2021.10.06"]
[SourceVersion "1"]
[SourceVersionDate "2021.10.06"]
[SourceQuality "1"]

1. e4 e5 2. Nf3 Nf6 3. Nc3 Bb4 4. Nxe5 O-O 5. Nd3 Bxc3 6. dxc3 Nxe4 7. Be2 d5 8. O-O Qf6 9. Be3 Nd7 10. Bf3 Ne5 11. Nxe5 Qxe5 12. Bd4 Qd6 13. c4 Ng5 14. Be2 Be6 15. Be3 Qe5 16. Bc5 dxc4 17. Bxf8 Rxf8 18. Bg4 f5 19. Qe2 Qf4 20. Bh5 Bd5 21. Qe3 Qh4 22. f4 Qxh5 23. fxg5 Qg4 24. Rf2 Be4 25. Raf1 Rd8 26. Qc5 Rd1 27. Qxc4+ Kh8 28. Qe2 Rxf1+ 29. Kxf1 Qxe2+ 30. Rxe2 Kg8 31. Kf2 Kf7 32. Ke3 g6 33. Kd4 Ke6 34. Rxe4+ fxe4 35. Kxe4 c5 36. c3 b6 37. b4 Kd6 38. bxc5+ bxc5 39. Kd3 Kd5 40. a4 a6 41. g3 Kc6 42. Ke4 Kd6 43. Ke3 Ke5 44. Kd3 Kd5 45. h3 Kd6 1/2-1/2

[Event "Halifax"]
[Site "Halifax CAN"]
[Date "2012.05.20"]
[Round "3"]
[White "Wysocki, Antoni"]
[Black "Pentz, Brian"]
[Result "1-0"]
[WhiteElo "2196"]
[BlackElo "2024"]
[PlyCount "91"]
[GameId "2160767909509271"]
[EventDate "2012.05.19"]
[EventType "tourn"]
[EventRounds "5"]
[EventCountry "CAN"]
[SourceTitle "EXT 2022"]
[Source "ChessBase"]
[SourceDate "2021.10.06"]
[SourceVersion "1"]
[SourceVersionDate "2021.10.06"]
[SourceQuality "1"]

1. Nf3 f5 2. c4 Nf6 3. g3 e6 4. Bg2 c5 5. O-O Nc6 6. Nc3 Be7 7. d4 cxd4 8. Nxd4 O-O 9. Nc2 d6 10. b3 a6 11. Bb2 Bd7 12. Qd2 Qc7 13. Rad1 Rad8 14. e4 fxe4 15. Nxe4 Bc8 16. Ne3 Nxe4 17. Bxe4 Qa5 18. Qxa5 Nxa5 19. Rd2 b5 20. Bc3 Nb7 21. cxb5 axb5 22. Bc6 d5 23. Bxb5 Nc5 24. Ba5 Ne4 25. Rc2 d4 26. Bxd8 Rxd8 27. Ng4 Bd6 28. f3 Nc3 29. Bc4 h5 30. Nf2 Kf8 31. Ne4 Bb4 32. a3 Bxa3 33. Nxc3 dxc3 34. Rxc3 e5 35. Rd3 Bc5+ 36. Kg2 Bd4 37. Re1 Ke7 38. h4 Kf6 39. Ra1 Rd6 40. Ra7 Bd7 41. Ra6 Ke7 42. Rxd6 Kxd6 43. Bf7 Bf5 44. Rd2 g6 45. Ra2 Ke7 46. Bd5 1-0

[Event "Halifax"]
[Site "Halifax CAN"]
[Date "2012.05.20"]
[Round "4"]
[White "Charlton, Glenn"]
[Black "Gonzalez Cueto, Jose"]
[Result "0-1"]
[WhiteElo "2030"]
[BlackElo "2077"]
[PlyCount "46"]
[GameId "2160767909509272"]
[EventDate "2012.05.19"]
[EventType "tourn"]
[EventRounds "5"]
[EventCountry "CAN"]
[SourceTitle "EXT 2022"]
[Source "ChessBase"]
[SourceDate "2021.10.06"]
[SourceVersion "1"]
[SourceVersionDate "2021.10.06"]
[SourceQuality "1"]

1. e4 e5 2. Nf3 Nf6 3. Nxe5 d6 4. Nf3 Nxe4 5. Nc3 Nxc3 6. dxc3 Be7 7. Be3 Nc6 8. Qd2 O-O 9. O-O-O Bf6 10. Bd3 Rb8 11. h4 b5 12. Ng5 h5 13. Qe2 g6 14. Ne4 Bxh4 15. g3 Bf6 16. Rxh5 Ne5 17. Rxe5 Bxe5 18. Bg5 Qd7 19. Nf6+ Bxf6 20. Bxf6 Bb7 21. Qe3 Qh3 22. Bxb5 Qf5 23. Bd4 c5 0-1